The World Book Encyclopedia. (Record no. 5438)

MARC details
000 -LEADER
fixed length control field 01505cam a2200325 i 4500
001 - CONTROL NUMBER
control field 17832003
003 - CONTROL NUMBER IDENTIFIER
control field GBCCL
005 - DATE AND TIME OF LATEST TRANSACTION
control field 20241126110541.0
008 - FIXED-LENGTH DATA ELEMENTS--GENERAL INFORMATION
fixed length control field 130731s2014 iluab e 001 0 eng
010 ## -
-- 2013023368
020 ## - INTERNATIONAL STANDARD BOOK NUMBER
International Standard Book Number 9780716601142
040 ## - CATALOGING SOURCE
Original cataloging agency DLC
Language of cataloging eng
Transcribing agency DLC
Description conventions rda
042 ## -
-- pcc
050 00 -
-- AE5
-- .W55 2014
082 00 - DEWEY DECIMAL CLASSIFICATION NUMBER
Classification number 030
Edition information 23
Item number WOR
245 04 - TITLE STATEMENT
Title The World Book Encyclopedia.
264 #1 - PRODUCTION, PUBLICATION, DISTRIBUTION, MANUFACTURE, AND COPYRIGHT NOTICE
Place of production, publication, distribution, manufacture Chicago, IL :
Name of producer, publisher, distributor, manufacturer World Book, Inc.,
Date of production, publication, distribution, manufacture, or copyright notice 2014.
300 ## - PHYSICAL DESCRIPTION
Extent 22 volumes :
Other physical details color illustrations, color maps ;
Dimensions 26 cm
336 ## - CONTENT TYPE
Content type term text
Source rdacontent
337 ## - MEDIA TYPE
Media type term unmediated
Source rdamedia
338 ## - CARRIER TYPE
Carrier type term volume
Source rdacarrier
500 ## - GENERAL NOTE
General note Includes index.
505 0# - FORMATTED CONTENTS NOTE
Formatted contents note v. 1. A -- v. 2. B -- v. 3. C-Ch -- v. 4. Ci-Cz -- v. 5. D -- v. 6. E -- v. 7. F -- v. 8. G -- v. 9. H -- v. 10. I -- v. 11. J, K -- v. 12. L -- v. 13. M -- v. 14. N, O -- v. 15. P -- v. 16. Q, R -- v. 17. S-Sn -- v. 18. So-Sz -- v. 19. T -- v. 20. U, V -- v. 21. W, X, Y, Z -- v. 22. Research Guide, Index.
520 ## - SUMMARY, ETC.
Summary, etc. "A 22-volume, highly illustrated, A-Z general encyclopedia for all ages, featuring sections on how to use World Book, other research aids, pronunciation key, a student guide to better writing, speaking, and research skills, and comprehensive index"--
Assigning source Provided by publisher.
650 #0 - SUBJECT ADDED ENTRY--TOPICAL TERM
Topical term or geographic name entry element Encyclopedias and dictionaries.
9 (RLIN) 9428
710 2# - ADDED ENTRY--CORPORATE NAME
Corporate name or jurisdiction name as entry element World Book, Inc.
9 (RLIN) 9775
906 ## - LOCAL DATA ELEMENT F, LDF (RLIN)
a 7
b cbc
c orignew
d 1
e ecip
f 20
g y-gencatlg
942 ## - ADDED ENTRY ELEMENTS (KOHA)
Source of classification or shelving scheme Dewey Decimal Classification
Koha item type Reference Books
Holdings
Withdrawn status Lost status Source of classification or shelving scheme Damaged status Not for loan Home library Current Library Shelving location Date acquired Total checkouts Full call number Barcode Date last seen Copy number Price effective from Koha item type
    Dewey Decimal Classification     GRACE BIBLE COLLEGE GRACE BIBLE COLLEGE Encyclopedia 2018-03-19   030 WOR 004895 2025-05-01 v.9 2018-03-19 Reference Books
    Dewey Decimal Classification     GRACE BIBLE COLLEGE GRACE BIBLE COLLEGE Encyclopedia 2018-03-19   030 WOR 004906 2025-05-01 v.20 2018-03-19 Reference Books
    Dewey Decimal Classification     GRACE BIBLE COLLEGE GRACE BIBLE COLLEGE Encyclopedia 2018-03-19   030 WOR 004905 2025-05-01 v.19 2018-03-19 Reference Books
    Dewey Decimal Classification     GRACE BIBLE COLLEGE GRACE BIBLE COLLEGE Encyclopedia 2018-03-19   030 WOR 004904 2025-05-01 v.18 2018-03-19 Reference Books
    Dewey Decimal Classification     GRACE BIBLE COLLEGE GRACE BIBLE COLLEGE Encyclopedia 2018-03-19   030 WOR 004896 2025-05-01 v.10 2018-03-19 Reference Books
    Dewey Decimal Classification     GRACE BIBLE COLLEGE GRACE BIBLE COLLEGE Encyclopedia 2018-03-19   030 WOR 004894 2025-05-01 v.8 2018-03-19 Reference Books
    Dewey Decimal Classification     GRACE BIBLE COLLEGE GRACE BIBLE COLLEGE Encyclopedia 2018-03-19   030 WOR 004893 2025-05-01 v.7 2018-03-19 Reference Books
    Dewey Decimal Classification     GRACE BIBLE COLLEGE GRACE BIBLE COLLEGE Encyclopedia 2018-03-19   030 WOR 004001 2025-05-01 v.1 2018-03-19 Reference Books
    Dewey Decimal Classification     GRACE BIBLE COLLEGE GRACE BIBLE COLLEGE Encyclopedia 2018-03-19   030 WOR 004890 2025-05-01 v.4 2018-03-19 Reference Books
    Dewey Decimal Classification     GRACE BIBLE COLLEGE GRACE BIBLE COLLEGE Encyclopedia 2018-03-19   030 WOR 004900 2025-05-01 v.14 2018-03-19 Reference Books
    Dewey Decimal Classification     GRACE BIBLE COLLEGE GRACE BIBLE COLLEGE Encyclopedia 2018-03-19   030 WOR 004899 2025-05-01 v.13 2018-03-19 Reference Books
    Dewey Decimal Classification     GRACE BIBLE COLLEGE GRACE BIBLE COLLEGE Encyclopedia 2018-03-19   030 WOR 004898 2025-05-01 v.12 2018-03-19 Reference Books
    Dewey Decimal Classification     GRACE BIBLE COLLEGE GRACE BIBLE COLLEGE Encyclopedia 2018-03-19   030 WOR 004897 2025-05-01 v.11 2018-03-19 Reference Books
    Dewey Decimal Classification     GRACE BIBLE COLLEGE GRACE BIBLE COLLEGE Encyclopedia 2018-03-19   030 WOR 004892 2025-05-01 v.6 2018-03-19 Reference Books
    Dewey Decimal Classification     GRACE BIBLE COLLEGE GRACE BIBLE COLLEGE Encyclopedia 2018-03-19   030 WOR 004891 2025-05-01 v.5 2018-03-19 Reference Books
    Dewey Decimal Classification     GRACE BIBLE COLLEGE GRACE BIBLE COLLEGE Encyclopedia 2018-03-19   030 WOR 004889 2025-05-01 v.3 2018-03-19 Reference Books
    Dewey Decimal Classification     GRACE BIBLE COLLEGE GRACE BIBLE COLLEGE Encyclopedia 2018-03-19   030 WOR 004888 2025-05-01 v.2 2018-03-19 Reference Books
    Dewey Decimal Classification     GRACE BIBLE COLLEGE GRACE BIBLE COLLEGE Encyclopedia 2018-03-19   030 WOR 004902 2025-05-01 v.16 2018-03-19 Reference Books
    Dewey Decimal Classification     GRACE BIBLE COLLEGE GRACE BIBLE COLLEGE Encyclopedia 2018-03-19   030 WOR 004901 2025-05-01 v.15 2018-03-19 Reference Books
    Dewey Decimal Classification     GRACE BIBLE COLLEGE GRACE BIBLE COLLEGE Encyclopedia 2018-03-19   030 WOR 004903 2025-05-01 v.17 2018-03-19 Reference Books
© Grace Bible College Library 2025